[Event "TUR-chT 2nd League"]
[Site "Konya"]
[Date "2019.07.25"]
[Round "5.15"]
[White "Aslan, Nevzat"]
[Black "Unal, Yusuf Evcim"]
[Result "1/2-1/2"]
[WhiteElo "1691"]
[BlackElo "1652"]
[PlyCount "107"]
[EventDate "2019.07.22"]
[EventType "team-swiss"]
[EventRounds "9"]
[EventCountry "TUR"]
[SourceTitle "CBM 191 Extra"]
[Source "ChessBase"]
[SourceDate "2019.09.30"]
[SourceVersion "1"]
[SourceVersionDate "2019.09.30"]
[SourceQuality "1"]
[WhiteTeam "Seviye Dernegi"]
[BlackTeam "Altin Hamle Corum"]
[WhiteTeamCountry "TUR"]
[BlackTeamCountry "TUR"]

1. d4 d5 2. Nf3 c5 3. c3 Nc6 4. Bf4 e6 5. e3 Nf6 6. Bd3 cxd4 7. exd4 Nh5 8. Be3 g6 9. 0-0 Bd6 10. g3 0-0 11. Nbd2 Ng7 12. Re1 f6 13. c4 Ne7 14. c5 Bc7 15. Bh6 Nc6 16. Bb5 e5 17. Bxc6 bxc6 18. dxe5 fxe5 19. Nxe5 Bxe5 20. Rxe5 Rf5 21. Qe2 Rxe5 22. Qxe5 Nf5 23. Bf4 Bd7 24. g4 Ng7 25. h3 Qf8 26. Bh6 Re8 27. Qxg7+ Qxg7 28. Bxg7 Kxg7 29. Kf1 h5 30. f3 hxg4 31. hxg4 Rh8 32. Kg2 Re8 33. Kf2 Rf8 34. Kg3 g5 35. Re1 Kf6 36. Re3 Be6 37. Nb3 Rb8 38. Nd4 Bd7 39. Ra3 Rb7 40. Ra6 Rc7 41. f4 gxf4+ 42. Kxf4 Kg6 43. Nf3 Be8 44. Ne5+ Kf6 45. b4 Kg7 46. Ra3 Rb7 47. Rb3 Rb8 48. a4 a5 49. b5 cxb5 50. axb5 Rxb5 51. Rxb5 Bxb5 52. c6 a4 53. c7 Ba6 54. Nc6 1/2-1/2

[Event "TUR-chT 2nd League"]
[Site "Konya"]
[Date "2019.07.22"]
[Round "1.9"]
[White "Aslan, Nevzat"]
[Black "Yurtoglu, Osman Talha"]
[Result "0-1"]
[WhiteElo "1691"]
[BlackElo "1923"]
[PlyCount "74"]
[EventDate "2019.07.22"]
[EventType "team-swiss"]
[EventRounds "9"]
[EventCountry "TUR"]
[SourceTitle "CBM 191 Extra"]
[Source "ChessBase"]
[SourceDate "2019.09.30"]
[SourceVersion "1"]
[SourceVersionDate "2019.09.30"]
[SourceQuality "1"]
[WhiteTeam "Seviye Dernegi"]
[BlackTeam "Ego Spor"]
[WhiteTeamCountry "TUR"]
[BlackTeamCountry "TUR"]

1. d4 Nf6 2. Nf3 g6 3. c4 Bg7 4. Nc3 0-0 5. e4 d6 6. Be2 e5 7. dxe5 dxe5 8. Qxd8 Rxd8 9. Bg5 Re8 10. Nd5 Nxd5 11. cxd5 c6 12. Bc4 b5 13. Bb3 Bb7 14. Rd1 c5 15. 0-0 Nd7 16. Bc1 Bf8 17. h4 c4 18. Bc2 Rec8 19. Be3 a5 20. Nd2 c3 21. bxc3 Rxc3 22. Bb1 b4 23. Rc1 Ba6 24. Rfe1 Rac8 25. Nf1 a4 26. Bd2 Rxc1 27. Rxc1 Rxc1 28. Bxc1 Bc5 29. Be3 Bd4 30. Bxd4 exd4 31. Nd2 Nc5 32. Bc2 Bd3 33. Bxd3 Nxd3 34. Nf3 b3 35. axb3 a3 36. Nxd4 Nb4 37. d6 a2 0-1

[Event "TUR-chT 2nd League"]
[Site "Konya"]
[Date "2018.07.16"]
[Round "1.5"]
[White "Baltaci, Ismail Tarik"]
[Black "Aslan, Nevzat"]
[Result "1-0"]
[WhiteElo "2071"]
[BlackElo "1682"]
[PlyCount "69"]
[EventDate "2018.07.16"]
[EventType "team-swiss"]
[EventRounds "9"]
[EventCountry "TUR"]
[SourceTitle "EXT 2019"]
[Source "ChessBase"]
[SourceDate "2018.10.10"]
[SourceVersion "1"]
[SourceVersionDate "2018.10.10"]
[SourceQuality "1"]
[WhiteTeam "Yalova Belediye"]
[BlackTeam "Seviye Dernegi"]
[WhiteTeamCountry "TUR"]
[BlackTeamCountry "TUR"]

1. e4 e5 2. Nf3 Nc6 3. d4 exd4 4. Nxd4 Bc5 5. Be3 Qf6 6. c3 Nge7 7. Bc4 Ne5 8. Be2 Qg6 9. 0-0 0-0 10. Nd2 d5 11. Nf5 Bd6 12. Bh5 Qe6 13. f4 Nc4 14. Nxc4 dxc4 15. Ng3 Nc6 16. Qe2 b5 17. a4 Ba6 18. Bg4 Qe8 19. e5 Be7 20. axb5 Bxb5 21. Kh1 a5 22. Bg1 Nd8 23. f5 Nb7 24. f6 gxf6 25. exf6 Bd6 26. Qd2 Kh8 27. Qh6 Rg8 28. Bf5 Rg6 29. Bxg6 Qg8 30. Be4 c6 31. Bd4 Bxg3 32. hxg3 Nd6 33. Bc2 Re8 34. Rae1 Rc8 35. Re5 1-0

[Event "TUR-chT 2nd League"]
[Site "Konya"]
[Date "2017.07.22"]
[Round "8.10"]
[White "Erdogan, Yunus Emre"]
[Black "Aslan, Nevzat"]
[Result "1-0"]
[WhiteElo "1700"]
[BlackElo "1708"]
[PlyCount "65"]
[EventDate "2017.07.17"]
[EventType "team-swiss"]
[EventRounds "9"]
[EventCountry "TUR"]
[SourceTitle "CBM 179 Extra"]
[Source "ChessBase"]
[SourceDate "2017.08.23"]
[SourceVersion "1"]
[SourceVersionDate "2017.08.23"]
[SourceQuality "1"]
[WhiteTeam "Denizli Ihtisas"]
[BlackTeam "Gaziante Seviye"]
[WhiteTeamCountry "TUR"]
[BlackTeamCountry "TUR"]

1. e4 e5 2. Nc3 Nf6 3. f4 d5 4. fxe5 Nxe4 5. d3 Nxc3 6. bxc3 Be6 7. Nf3 Be7 8. d4 0-0 9. Rb1 b6 10. Bd3 c5 11. 0-0 c4 12. Be2 Nd7 13. Qe1 Re8 14. Qg3 Nf8 15. Ng5 Qd7 16. Nxe6 Nxe6 17. Bg4 Bf8 18. Bd2 Qc6 19. Rf3 a5 20. Rbf1 Ra7 21. Qf2 Qc7 22. Qh4 Be7 23. Qh5 g6 24. Qh6 Bf8 25. Qh3 Qc6 26. Qh4 Bg7 27. Bh6 Bh8 28. Rf6 Bg7 29. R1f3 Qa8 30. Bxg7 Kxg7 31. Bxe6 fxe6 32. Rh3 Rh8 33. Qh6+ 1-0

[Event "TUR-chT 2nd League"]
[Site "Konya"]
[Date "2017.07.20"]
[Round "5.8"]
[White "Aslan, Nevzat"]
[Black "Zor, Alber Kadir"]
[Result "0-1"]
[WhiteElo "1708"]
[BlackElo "2146"]
[PlyCount "96"]
[EventDate "2017.07.17"]
[EventType "team-swiss"]
[EventRounds "9"]
[EventCountry "TUR"]
[SourceTitle "CBM 179 Extra"]
[Source "ChessBase"]
[SourceDate "2017.08.23"]
[SourceVersion "1"]
[SourceVersionDate "2017.08.23"]
[SourceQuality "1"]
[WhiteTeam "Gaziante Seviye"]
[BlackTeam "Bursa Nida"]
[WhiteTeamCountry "TUR"]
[BlackTeamCountry "TUR"]

1. e4 c6 2. d4 d5 3. Nd2 dxe4 4. Nxe4 Bf5 5. Ng3 Bg6 6. Nf3 e6 7. h4 h6 8. h5 Bh7 9. Bd3 Bxd3 10. Qxd3 Nf6 11. Bd2 Be7 12. 0-0-0 c5 13. Rhe1 cxd4 14. Nxd4 0-0 15. Bc3 Nbd7 16. Qe2 Qb6 17. Nb3 a5 18. Bd4 Qc7 19. Kb1 a4 20. Nc1 a3 21. b3 Bb4 22. Rh1 Bc3 23. Qc4 Qxc4 24. bxc4 Bxd4 25. Rxd4 Rfc8 26. Nb3 Ra4 27. Rhh4 Rc7 28. c5 Nxc5 29. Nxc5 Rxd4 30. Rxd4 Rxc5 31. Rd3 Ra5 32. c4 b5 33. cxb5 Rxb5+ 34. Rb3 Ra5 35. Rb8+ Kh7 36. Rb7 Nxh5 37. Nxh5 Rxh5 38. Rxf7 Rf5 39. Rxf5 exf5 40. Kc2 f4 41. Kb3 f3 42. g4 g5 43. Kc4 h5 44. gxh5 Kh6 45. Kd4 Kxh5 46. Ke3 g4 47. Kd2 Kh4 48. Ke1 Kh3 0-1